Record Setting TV Quiz Stats

 Plays Quiz not verified by Sporcle

Challenge
Share
Tweet
Embed
Score 0/26 Timer 10:00
0 Plays Today
Year Show/Broadcast Name % Correct
1983M.A.S.H (Finale)
85.8%
1982Super Bowl (XVI)
83.9%
1996Super Bowl (XXX)
83.9%
1983Super Bowl (XVII)
83.5%
1986Super Bowl (XX)
83.5%
1978Super Bowl (XII)
83.5%
1979Super Bowl (XIII)
83.5%
1984Super Bowl (XVIII)
83.5%
1985Super Bowl (XIX)
83.5%
1987Super Bowl (XXI)
83.5%
1994Super Bowl (XXVIII)
83.5%
1980Super Bowl (XIV)
83.5%
1993Cheers (Finales)
57.3%
Year Show/Broadcast Name % Correct
1980Dallas (Who Shot JR)
49.1%
1977Roots
36.7%
1977Roots
36.7%
1977Roots
36.7%
1994Oj Simpson Verdict
36.2%
200360 Minutes (Michael Jackson)
23.9%
1967The Fugitive Finale
22%
1994XVII Winter Olympics
13.8%
1976Gone with the Wind (1)
13.3%
1976Gone with the Wind (2)
13.3%
1983The Day After
12.8%
1993Oprah Winfrey (Michael Jackson)
0.9%
1970Bob Hope Xmas
0.9%

You're not logged in!

Compare scores with friends on all Sporcle quizzes.
Join for Free
OR
Log In

You Might Also Like...

Show Comments

Extras

Top Quizzes Today


Score Distribution

Your Account Isn't Verified!

In order to create a playlist on Sporcle, you need to verify the email address you used during registration. Go to your Sporcle Settings to finish the process.

Report this User

Report this user for behavior that violates our Community Guidelines.

Details: